Zabiegi, którym jedni ludzie poddają swoje ciała, a inni uważają je za - Statystyki

Ogólne statystyki
  • Ten quiz został rozwiązany 8 razy
  • Średni wynik to 2 z 5
Statystyki odpowiedzi
Odpowiedź % Poprawnych
Powiększanie Piersi
86%
Powiększanie Ust
57%
Tatuowanie
29%
Depilacja
14%
Opalanie
14%
Nie znaleziono quizów pasujących do podanych kryteriów
Rozkład punktacji
Procent ludzi z każdym wynikiem
Percentyl według liczby udzielonych odpowiedzi
Twoja historia wyników
Nie rozwiązałeś tego quizu